000 00233nam a2200109Ia 4500
008 240521s1999 xx 000 0 und d
041 _aeng
100 _aAUSTEN J.
245 _aNORTHANGER ABBEY.
260 _c1999
300 _a257
999 _c1159185
_d1159185